[Event "36th World U20 ch"]
[Site "Zagan POL"]
[Date "1997.07.16"]
[Round "3"]
[White "Kucumenler, Tarkan"]
[Black "Fontaine, Robert"]
[Result "0-1"]
[WhiteElo "2035"]
[BlackElo "2395"]
[EventDate "1997.07.14"]
[PlyCount "72"]

1.e4 c5 2.Nf3 d6 3.d4 cxd4 4.Nxd4 Nf6 5.Nc3 Nc6 6.Bc4 Qb6 7.Nxc6 bxc6 8.
O-O g6 9.e5 dxe5 10.Qe2 Qc7 11.f4 e4 12.Nxe4 Nxe4 13.Qxe4 Bg7 14.c3 Bf5 
15.Qf3 h5 16.Bd3 Bxd3 17.Qxd3 e6 18.Be3 O-O 19.Rad1 Rab8 20.b4 Rfd8 21.Qc4
Qb7 22.Qc5 a6 23.a4 Rd5 24.Qc4 Rbd8 25.Rxd5 cxd5 26.Qd3 Qc6 27.b5 Qxc3 28.
Qxc3 Bxc3 29.Ba7 Rd7 30.b6 Rb7 31.Rb1 Kf8 32.Kf1 Ke7 33.Rc1 Ba5 34.Rc6 Kd7
35.Rc2 Bxb6 36.Bxb6 Rxb6 0-1

[Event "36th World U20 ch"]
[Site "Zagan POL"]
[Date "1997.07.16"]
[Round "3"]
[White "Bircher, Roland"]
[Black "Bunzmann, Dimitrij"]
[Result "0-1"]
[WhiteElo "2185"]
[BlackElo "2370"]
[EventDate "1997.07.14"]
[PlyCount "82"]

1.d4 Nf6 2.Nf3 e6 3.e3 b6 4.Nbd2 Bb7 5.Bd3 c5 6.O-O Be7 7.b3 O-O 8.Bb2 Nc6
9.a3 Re8 10.Qe2 cxd4 11.exd4 d5 12.Rad1 Rc8 13.Ne5 Nxe5 14.dxe5 Nd7 15.c4 
Nc5 16.Bc2 Qc7 17.Rc1 Qb8 18.b4 Nd7 19.cxd5 Bxd5 20.f4 Qb7 21.f5 Bg5 22.f6
g6 23.h4 Bh6 24.Bd3 Rxc1 25.Bxc1 Qc7 26.Bb2 Rc8 27.h5 b5 28.hxg6 hxg6 29.
Bd4 a6 30.g3 Bb7 31.Qh2 Bg5 32.Ne4 Bxe4 33.Bxe4 Nxe5 34.Qe2 Nc4 35.Qg4 
Be3+ 36.Kh2 Bxd4 37.Bxg6 fxg6 38.Qxg6+ Kf8 39.Qh6+ Ke8 40.f7+ Qxf7 41.Rxf7
Kxf7 0-1

[Event "36th World U20 ch"]
[Site "Zagan POL"]
[Date "1997.07.16"]
[Round "3"]
[White "Henni, Mohamed"]
[Black "Zerdo, Mirza"]
[Result "1-0"]
[WhiteElo "2375"]
[BlackElo "2175"]
[EventDate "1997.07.14"]
[PlyCount "71"]

1.e4 c6 2.d4 d5 3.Nc3 dxe4 4.Nxe4 Nd7 5.Bc4 Ngf6 6.Ng5 e6 7.Qe2 Nb6 8.Bb3 
h6 9.N5f3 a5 10.a3 c5 11.c3 Qc7 12.Ne5 cxd4 13.cxd4 a4 14.Ba2 Bxa3 15.Ngf3
Bb4+ 16.Bd2 Bxd2+ 17.Qxd2 O-O 18.O-O Nbd5 19.g4 Qe7 20.Bb1 Bd7 21.g5 hxg5 
22.Qxg5 Bb5 23.Re1 Nh7 24.Bxh7+ Kxh7 25.Qh5+ Kg8 26.Ng5 Nf6 27.Qh4 a3 28.
b3 Qb4 29.Re3 g6 30.Rf3 Nh5 31.Ngxf7 Be8 32.Rg3 Rxf7 33.Qxh5 Qxd4 34.Rxg6+
Kf8 35.Qh8+ Ke7 36.Nc6+ 1-0

[Event "36th World U20 ch"]
[Site "Zagan POL"]
[Date "1997.07.16"]
[Round "3"]
[White "Bae, Torstein"]
[Black "Guthrie, David"]
[Result "1/2-1/2"]
[WhiteElo "2200"]
[BlackElo "2140"]
[EventDate "1997.07.14"]
[PlyCount "40"]

1.d4 Nf6 2.c4 e6 3.Nf3 d5 4.Nc3 Be7 5.Bg5 O-O 6.e3 h6 7.Bh4 b6 8.Bd3 Bb7 
9.Bxf6 Bxf6 10.cxd5 exd5 11.O-O c5 12.Rc1 cxd4 13.Nxd4 Bxd4 14.exd4 Nc6 
15.Be2 Qh4 16.Nb5 Rad8 17.Rc3 a6 18.Rh3 Qf4 19.Rf3 Qh4 20.Rh3 Qf4 1/2-1/2

[Event "36th World U20 ch"]
[Site "Zagan POL"]
[Date "1997.07.16"]
[Round "3"]
[White "Moreira Romero, Jairo"]
[Black "Blanco Acevedo, Cristobal Jose"]
[Result "1/2-1/2"]
[WhiteElo "2200"]
[BlackElo "2090"]
[EventDate "1997.07.14"]
[PlyCount "103"]

1.c4 Nf6 2.Nc3 c5 3.Nf3 Nc6 4.d4 cxd4 5.Nxd4 g6 6.Nc2 Bg7 7.e4 O-O 8.Be2 
d6 9.O-O a5 10.Be3 Nd7 11.Qd2 Re8 12.Rab1 Nc5 13.f3 Be6 14.Rfc1 Nb4 15.Nd4
Bd7 16.b3 Nba6 17.Ndb5 Nc7 18.Nd5 Nxd5 19.cxd5 Qb6 20.Na3 Qb4 21.Nb5 Rec8 
22.a4 Qxd2 23.Bxd2 f5 24.Bg5 Kf7 25.Rf1 h6 26.Be3 Kg8 27.Bc4 fxe4 28.Bxc5 
Rxc5 29.fxe4 Rcc8 30.Rbd1 Rf8 31.Nd4 Rxf1+ 32.Kxf1 Re8 33.Nb5 Be5 34.h3 
Rf8+ 35.Ke2 Bg3 36.Rf1 Rxf1 37.Kxf1 Kf7 38.Ke2 Kf6 39.Nd4 Ke5 40.Kd3 Bf2 
41.Ne6 Bc8 42.Ke2 Bd4 43.Kf3 b6 44.g4 Bb2 45.Ke3 Bc1+ 46.Kf3 h5 47.Nf8 g5 
48.Ne6 h4 49.Ng7 Bd7 50.Ne6 Be8 51.Be2 Bg6 52.Bd3 1/2-1/2

[Event "36th World U20 ch"]
[Site "Zagan POL"]
[Date "1997.07.17"]
[Round "4"]
[White "Baklan, Volodymyr"]
[Black "Macieja, Bartlomiej"]
[Result "1-0"]
[WhiteElo "2570"]
[BlackElo "2470"]
[EventDate "1997.07.14"]
[PlyCount "77"]

1.e4 e5 2.Nf3 Nc6 3.d4 exd4 4.Nxd4 Bc5 5.Be3 Qf6 6.c3 Nge7 7.Bc4 b6 8.O-O 
Bb7 9.Nb3 Ne5 10.Nxc5 bxc5 11.Bd5 Nxd5 12.exd5 Qd6 13.Bf4 O-O 14.c4 c6 15.
Nc3 cxd5 16.Re1 Rfe8 17.cxd5 Qf6 18.Bg3 Nc4 19.Qa4 Ba6 20.Qxd7 Red8 21.Qh3
Bc8 22.Qh5 h6 23.Bc7 Rd7 24.Re8+ Kh7 25.Ne4 Qg6 26.Qxg6+ Kxg6 27.d6 Nxd6 
28.Bxd6 f5 29.Re6+ Kf7 30.Nxc5 Rd8 31.Re7+ Kf6 32.Rd1 Rxd6 33.Rxd6+ Kxe7 
34.Rg6 Rb8 35.Rxg7+ Kf6 36.Rxa7 Rxb2 37.f4 Re2 38.Rc7 Bb7 39.Nd7+ 1-0

[Event "36th World U20 ch"]
[Site "Zagan POL"]
[Date "1997.07.17"]
[Round "4"]
[White "Florean, Andrei"]
[Black "Dao Thien Hai"]
[Result "0-1"]
[WhiteElo "2445"]
[BlackElo "2525"]
[EventDate "1997.07.14"]
[PlyCount "72"]

1.e4 c5 2.Nf3 d6 3.d4 cxd4 4.Nxd4 Nf6 5.Nc3 a6 6.Be3 e5 7.Nb3 Be7 8.f3 Be6
9.Qd2 O-O 10.O-O-O b5 11.g4 Nbd7 12.g5 Nh5 13.Kb1 Nb6 14.Nd5 Nxd5 15.exd5 
Bd7 16.Na5 Qc7 17.c4 f5 18.cxb5 f4 19.Bf2 Bf5+ 20.Ka1 axb5 21.Nc6 Bxg5 22.
Bxb5 e4 23.fxe4 Bxe4 24.Rhe1 Nf6 25.Bc4 Rfe8 26.Qd4 Qf7 27.Rg1 Bh6 28.Bh4 
Nd7 29.Nd8 Raxd8 30.Bxd8 g6 31.Ba5 Bg7 32.Qf2 Ne5 33.Qf1 Rc8 34.Rd4 Qa7 
35.Rxe4 Nxc4 36.Rg2 Ne3 0-1

[Event "36th World U20 ch"]
[Site "Zagan POL"]
[Date "1997.07.17"]
[Round "4"]
[White "Iordachescu, Viorel"]
[Black "Banikas, Hristos"]
[Result "0-1"]
[WhiteElo "2500"]
[BlackElo "2450"]
[EventDate "1997.07.14"]
[PlyCount "92"]

1.e4 c5 2.Nf3 Nc6 3.d4 cxd4 4.Nxd4 g6 5.c4 Nf6 6.Nc3 d6 7.Be2 Nxd4 8.Qxd4 
Bg7 9.Bg5 Be6 10.Rc1 a6 11.O-O O-O 12.Qe3 Qa5 13.a3 Rfc8 14.Nd5 Bxd5 15.
exd5 Qc5 16.Qd3 a5 17.Rfe1 Nd7 18.Qh3 Bf6 19.Bxf6 Nxf6 20.Rc3 a4 21.Bd1 
Qb6 22.Rc2 Qd4 23.Qc3 Qxc3 24.Rxc3 Kf8 25.Kf1 Rc7 26.Ke2 Ne4 27.Rc2 Rb8 
28.Ke3 Nc5 29.Be2 Ra8 30.Rd1 Ra6 31.Rd4 Rb6 32.h4 h5 33.Bd1 Nb3 34.Rf4 Kg7
35.Re2 e5 36.dxe6 fxe6 37.Bxb3 Rxb3+ 38.Kd2 e5 39.Rfe4 Rxb2+ 40.Kd1 Rb3 
41.R2e3 Rxe3 42.fxe3 Rc5 43.Ke2 Kf6 44.g4 Ke6 45.Kd3 Kd7 46.Kd2 Kc6 0-1

[Event "36th World U20 ch"]
[Site "Zagan POL"]
[Date "1997.07.17"]
[Round "4"]
[White "Kacheishvili, Giorgi"]
[Black "Antoniewski, Rafal"]
[Result "0-1"]
[WhiteElo "2550"]
[BlackElo "2405"]
[EventDate "1997.07.14"]
[PlyCount "78"]

1.d4 Nf6 2.c4 g6 3.g3 Bg7 4.Bg2 O-O 5.Nc3 d6 6.Nf3 Nc6 7.d5 Na5 8.Nd2 c5 
9.O-O a6 10.Qc2 Nd7 11.b3 b5 12.Bb2 Rb8 13.Nd1 Nf6 14.e4 bxc4 15.bxc4 e5 
16.Bc3 Bd7 17.Nb2 Nh5 18.f4 exf4 19.Bxg7 Kxg7 20.gxf4 Qf6 21.Nd3 Qd4+ 22.
Kh1 Nxf4 23.Rxf4 Qxa1+ 24.Rf1 Qd4 25.Rf4 g5 26.Rf1 Bg4 27.Re1 f5 28.h3 Rf6
29.Kh2 Rh6 30.Kg3 fxe4 31.Rxe4 Bd1 32.Qxd1 Qxd3+ 33.Kh2 Rf8 34.Qa1+ Kg8 
35.Re7 Qd4 36.Qe1 Qf4+ 37.Kh1 Nxc4 38.Ne4 Ne5 39.Nxc5 Ng4 0-1

[Event "36th World U20 ch"]
[Site "Zagan POL"]
[Date "1997.07.17"]
[Round "4"]
[White "Blehm, Pawel"]
[Black "Kasimdzhanov, Rustam"]
[Result "0-1"]
[WhiteElo "2400"]
[BlackElo "2545"]
[EventDate "1997.07.14"]
[PlyCount "95"]

1.e4 e6 2.d4 d5 3.Nd2 c5 4.exd5 Qxd5 5.Ngf3 cxd4 6.Bc4 Qd6 7.O-O Nf6 8.Nb3
Nc6 9.Nbxd4 Nxd4 10.Nxd4 a6 11.Bb3 Qc7 12.Qf3 Bd6 13.Kh1 Bd7 14.Bg5 Be5 
15.c3 h6 16.Be3 O-O 17.Rfe1 Rad8 18.Rad1 Bc8 19.Bc2 b5 20.Qh3 b4 21.Nf3 
Rxd1 22.Rxd1 bxc3 23.Nxe5 cxb2 24.Bb1 Qxe5 25.Qf3 Qb8 26.Qe2 Bb7 27.Bd4 
Qf4 28.f3 Rc8 29.Bxb2 Qa4 30.Qd2 Nd5 31.Qd3 f5 32.Rf1 Qb4 33.Qe2 Qd6 34.
Be5 Qc6 35.Bb2 Kh7 36.Qe5 Rc7 37.h4 Qd7 38.Re1 Rc6 39.a3 Nf6 40.Qg3 Qf7 
41.Qh3 Nh5 42.Rxe6 Rxe6 43.Bxf5+ Rg6 44.Bxg6+ Qxg6 45.Qd7 Bc6 46.Qd4 Ng3+ 
47.Kh2 Nf5 48.Qc3 0-1

[Event "36th World U20 ch"]
[Site "Zagan POL"]
[Date "1997.07.17"]
[Round "4"]
[White "Goloschapov, Alexander"]
[Black "Kempinski, Robert"]
[Result "1/2-1/2"]
[WhiteElo "2400"]
[BlackElo "2530"]
[EventDate "1997.07.14"]
[PlyCount "177"]

1.e4 c5 2.Nf3 d6 3.d4 cxd4 4.Nxd4 Nf6 5.Nc3 a6 6.Be2 e6 7.O-O Be7 8.a4 Qc7
9.f4 Nc6 10.Be3 O-O 11.Kh1 Re8 12.a5 e5 13.Nxc6 Qxc6 14.Ra4 Bd8 15.f5 Qc7 
16.Bg5 Bd7 17.Bxf6 Bxf6 18.Nd5 Qd8 19.Ra3 Bc6 20.Bc4 Rc8 21.Rff3 Bxd5 22.
Bxd5 b6 23.b4 Re7 24.c3 b5 25.Qc2 Rec7 26.Ra1 Bg5 27.Rd1 Qf6 28.g3 Qh6 29.
h4 Qh5 30.Rdd3 Be7 31.Kh2 Kh8 32.Qa2 Bf6 33.Qf2 Rb8 34.Kh3 Qh6 35.Kg2 Qc1 
36.Qg1 Qxg1+ 37.Kxg1 Kg8 38.Kf2 Kf8 39.Ke2 Ke7 40.Kd2 Rbc8 41.Kc2 h6 42.
Kb3 Ke8 43.Rd1 Bd8 44.Rc1 Rc4 45.Rc2 f6 46.Bb7 Rb8 47.Bd5 Rbc8 48.Re3 R8c7
49.Rd2 Be7 50.Bxc4 Rxc4 51.Rd5 Kd7 52.Kc2 Kc6 53.Rdd3 Kd7 54.Rd5 Kc6 55.
Rdd3 Kd7 56.Kd2 Ke8 57.Ke2 Kd7 58.Kf3 Ke8 59.Kg4 Kf7 60.Kh5 Bf8 61.g4 Be7 
62.Re1 Rc8 63.Red1 Rc6 64.R1d2 Ke8 65.Kg6 Kf8 66.Re3 Rc4 67.Rd5 Kg8 68.g5 
hxg5 69.hxg5 fxg5 70.Kh5 Kf7 71.Rd1 Rc8 72.Kg4 Rc4 73.Kf3 Kf8 74.Rh1 Kg8 
75.Ke2 g4 76.Kd3 Bg5 77.Rg3 Bf6 78.Rxg4 d5 79.Rhg1 d4 80.Rc1 Be7 81.Rg6 
Bxb4 82.Rxa6 dxc3 83.Ra8+ Kf7 84.Ra7+ Kg8 85.Ra8+ Kf7 86.Ra7+ Kg8 87.a6 
Rd4+ 88.Kc2 Rd2+ 89.Kb1 1/2-1/2

[Event "36th World U20 ch"]
[Site "Zagan POL"]
[Date "1997.07.17"]
[Round "4"]
[White "Zulfugarli, Mahomed"]
[Black "Pereyra Arcija, Diego"]
[Result "1-0"]
[WhiteElo "2385"]
[BlackElo "2460"]
[EventDate "1997.07.14"]
[PlyCount "89"]

1.e4 e6 2.d4 d5 3.Nc3 Nf6 4.e5 Nfd7 5.f4 c5 6.Nf3 Nc6 7.Be3 a6 8.Qd2 b5 9.
Bd3 b4 10.Nd1 c4 11.Be2 a5 12.O-O g6 13.g4 Nb6 14.Bf2 Be7 15.Ne3 h5 16.h3 
Ba6 17.Kg2 c3 18.bxc3 bxc3 19.Qe1 Bxe2 20.Qxe2 Rc8 21.Rab1 Nc4 22.Nxc4 
dxc4 23.d5 exd5 24.e6 hxg4 25.hxg4 O-O 26.exf7+ Rxf7 27.Qe6 Bf6 28.g5 Bg7 
29.Qxg6 Ne7 30.Qh5 Rxf4 31.Bg3 Rf5 32.Nh4 Rxf1 33.Rxf1 Qe8 34.g6 Nxg6 35.
Qxd5+ Kh7 36.Nxg6 Qc6 37.Qxc6 Rxc6 38.Ne7 Re6 39.Rh1+ Bh6 40.Nf5 Re2+ 41.
Kf3 Rxc2 42.Rxh6+ Kg8 43.Rh2 Rb2 44.Be5 Rb5 45.Rh8+ 1-0

[Event "36th World U20 ch"]
[Site "Zagan POL"]
[Date "1997.07.17"]
[Round "4"]
[White "Vajda, Levente"]
[Black "Vesterbak Pedersen, Nicolai"]
[Result "1-0"]
[WhiteElo "2445"]
[BlackElo "2300"]
[EventDate "1997.07.14"]
[PlyCount "83"]

1.e4 e5 2.Nf3 Nc6 3.Bb5 a6 4.Bxc6 dxc6 5.O-O f6 6.d4 exd4 7.Nxd4 c5 8.Nb3 
Qxd1 9.Rxd1 Bg4 10.f3 Bd7 11.Bf4 O-O-O 12.Nc3 c4 13.Na5 Bc5+ 14.Kf1 b5 15.
a4 Ne7 16.axb5 Bxb5 17.Ke2 Rxd1 18.Rxd1 Bb4 19.Nxb5 axb5 20.Bd2 Bd6 21.Ra1
Rd8 22.f4 c5 23.b3 cxb3 24.Nxb3 c4 25.Ra8+ Bb8 26.Nc5 Nc6 27.c3 Re8 28.Be3
Re7 29.Ra6 Kc7 30.f5 Ne5 31.Ne6+ Kc8 32.h3 Nd3 33.Rc6+ Kd7 34.Rb6 Be5 35.
Rxb5 Bxc3 36.Rb7+ Ke8 37.Rb8+ Kd7 38.Rd8+ Kc6 39.Rc8+ Kb5 40.Nc7+ Ka4 41.
Nd5 Nf4+ 42.Bxf4 1-0

[Event "36th World U20 ch"]
[Site "Zagan POL"]
[Date "1997.07.17"]
[Round "4"]
[White "Putka, Verners"]
[Black "Van den Doel, Erik"]
[Result "0-1"]
[WhiteElo "2220"]
[BlackElo "2440"]
[EventDate "1997.07.14"]
[PlyCount "44"]

1.Nf3 Nf6 2.g3 g6 3.Bg2 Bg7 4.O-O O-O 5.d4 c5 6.c4 cxd4 7.Nxd4 Nc6 8.Nc3 
Nxd4 9.Qxd4 d6 10.Qh4 Be6 11.Bxb7 Rb8 12.Bd5 Bxd5 13.cxd5 Qa5 14.Rd1 Rfc8 
15.Rd3 Rb4 16.Qh3 Qc7 17.Nd1 Ne4 18.f3 Nc5 19.Ra3 Ra4 20.Rxa4 Nxa4 21.Nc3 
Nxc3 22.bxc3 Qb6+ 0-1

[Event "36th World U20 ch"]
[Site "Zagan POL"]
[Date "1997.07.17"]
[Round "4"]
[White "Kelly, Brian"]
[Black "Bauer, Christian"]
[Result "1/2-1/2"]
[WhiteElo "2390"]
[BlackElo "2525"]
[EventDate "1997.07.14"]
[PlyCount "149"]

1.Nf3 f5 2.g3 Nf6 3.Bg2 d6 4.d4 g6 5.O-O Bg7 6.c4 O-O 7.Nc3 c6 8.b3 Qa5 9.
Bb2 e5 10.Qd2 Ng4 11.Rad1 Na6 12.h3 Nh6 13.e3 Nf7 14.a3 Qb6 15.Qc2 e4 16.
Nd2 Qd8 17.b4 Nc7 18.Kh2 h5 19.Ne2 h4 20.a4 Qg5 21.Nf4 Qh6 22.gxh4 Ne6 23.
Nxe6 Bxe6 24.f3 d5 25.fxe4 fxe4 26.Nb3 Nd6 27.cxd5 Bxd5 28.Nc5 Qxh4 29.Bc1
b6 30.Nd7 Rf5 31.Ne5 Rxe5 32.Rf4 Qe7 33.dxe5 Bxe5 34.Kg1 Bxf4 35.exf4 Nf5 
36.b5 Qe6 37.Qc3 Kh7 38.bxc6 Bxc6 39.a5 Rc8 40.Qe5 Qxe5 41.fxe5 bxa5 42.
Bg5 e3 43.e6 e2 44.Re1 Bb5 45.Bf6 Ne3 46.Bf3 Nc2 47.Bxe2 Nxe1 48.Bxb5 Kg8 
49.Bd7 Rb8 50.Kf2 Nc2 51.Be5 Ra8 52.Kf3 Na3 53.Kg4 Nc4 54.Bf6 Nd6 55.Be5 
Nf5 56.Kg5 Kh7 57.Bf6 Rf8 58.Ba4 Nd6 59.Bc2 Rc8 60.Bxg6+ Kg8 61.Be5 Rc5 
62.Kf6 Rxe5 63.Kxe5 Nc8 64.Bc2 Kg7 65.Kf5 Nd6+ 66.Kg5 Ne8 67.Bb3 a4 68.Ba2
a3 69.h4 Nf6 70.e7 Ne4+ 71.Kf5 Nd6+ 72.Ke5 Ne8 73.h5 a5 74.Kf5 Kh6 75.Bf7 
1/2-1/2

[Event "36th World U20 ch"]
[Site "Zagan POL"]
[Date "1997.07.17"]
[Round "4"]
[White "Zhang Zhong"]
[Black "Bratanov, Zsivko"]
[Result "1-0"]
[WhiteElo "2475"]
[BlackElo "2355"]
[EventDate "1997.07.14"]
[PlyCount "91"]

1.e4 e5 2.Nf3 Nc6 3.Bb5 a6 4.Ba4 Nf6 5.O-O Be7 6.Bxc6 dxc6 7.Nc3 Bg4 8.Qe2
Nd7 9.Nd1 Bc5 10.Ne3 Bxe3 11.Qxe3 O-O 12.d3 Qe7 13.Nd2 Qc5 14.Qxc5 Nxc5 
15.Nc4 f6 16.Na5 Rab8 17.Be3 Ne6 18.b4 Rfd8 19.f3 Bh5 20.Rfd1 Nd4 21.Rd2 
b6 22.Nb3 Nxb3 23.axb3 Ra8 24.Kf2 Bf7 25.d4 exd4 26.Rxd4 Rxd4 27.Bxd4 Be6 
28.g4 Kf7 29.Ke3 Ke7 30.h4 Kf7 31.Bc3 Bc8 32.Rg1 Bb7 33.g5 Re8 34.gxf6 
gxf6 35.h5 Re7 36.Kf4 Bc8 37.h6 Bb7 38.Bd4 Ke6 39.Rg8 Rd7 40.Bxf6 Rf7 41.
e5 c5 42.bxc5 bxc5 43.Re8+ Kd7 44.Rb8 Bd5 45.c4 Be6 46.Kg5 1-0

[Event "36th World U20 ch"]
[Site "Zagan POL"]
[Date "1997.07.17"]
[Round "4"]
[White "Ibraev, Nurlan"]
[Black "Szabo, Zsolt Jozsef"]
[Result "1/2-1/2"]
[WhiteElo "2320"]
[BlackElo "2435"]
[EventDate "1997.07.14"]
[PlyCount "105"]

1.e4 c5 2.Nf3 d6 3.d4 cxd4 4.Nxd4 Nf6 5.Nc3 a6 6.Bg5 Nbd7 7.f4 e6 8.Qd3 
Qc7 9.O-O-O b5 10.e5 dxe5 11.fxe5 Qxe5 12.Bxf6 gxf6 13.Qf3 Rb8 14.Nc6 Qg5+
15.Kb1 Bb7 16.Rxd7 Kxd7 17.Nxb8+ Kc7 18.Nxa6+ Bxa6 19.Nxb5+ Bxb5 20.Bxb5 
Qxb5 21.Qxf6 Bd6 22.Qxf7+ Qd7 23.Qh5 Rf8 24.Rd1 Rf5 25.Qe2 Re5 26.Qa6 Qc6 
27.Qf1 Rf5 28.Qe2 Kd7 29.a3 Ke7 30.Rd3 Qc4 31.b3 Qf4 32.Rf3 Qe5 33.Qxe5 
Rxe5 34.b4 Re2 35.Rh3 Rxg2 36.Rxh7+ Kd8 37.h3 e5 38.Rh4 Kd7 39.c4 Be7 40.
Re4 Ke6 41.c5 Kd5 42.Re1 Bf6 43.Rd1+ Kc4 44.c6 Rg8 45.Rc1+ Kb5 46.Rc5+ Kb6
47.a4 Kc7 48.b5 Kb6 49.Rc4 Be7 50.Rg4 Rh8 51.Rg7 Bd6 52.Rd7 Bc7 53.a5+ 
1/2-1/2

[Event "36th World U20 ch"]
[Site "Zagan POL"]
[Date "1997.07.17"]
[Round "4"]
[White "Bagheri, Amir"]
[Black "Savic, Miodrag"]
[Result "1-0"]
[WhiteElo "2300"]
[BlackElo "2430"]
[EventDate "1997.07.14"]
[PlyCount "96"]

1.d4 Nf6 2.Nf3 e6 3.Bg5 d5 4.Nbd2 Be7 5.e3 O-O 6.Bd3 h6 7.Bf4 Nbd7 8.Ne5 
Nxe5 9.dxe5 Nd7 10.c3 Qe8 11.h4 f6 12.exf6 Bxf6 13.Bxc7 Qe7 14.Bg3 e5 15.
Qh5 Nc5 16.Bc2 Bd7 17.Qg6 e4 18.Qh5 Be6 19.Nb3 Bf7 20.Qe2 Na4 21.Bd1 b5 
22.Nd4 Nc5 23.Bc2 b4 24.O-O bxc3 25.bxc3 Rac8 26.Rad1 Rfd8 27.Qb5 Be8 28.
Qa5 Bg6 29.Nb5 a6 30.Nc7 Bf7 31.Bb3 Nxb3 32.axb3 Bxh4 33.Bxh4 Qxh4 34.Nxd5
Qg5 35.c4 Bxd5 36.Rxd5 Rxd5 37.Qxd5+ Qxd5 38.cxd5 Rb8 39.Rd1 Rxb3 40.d6 
Rb8 41.Ra1 Rb6 42.d7 Rd6 43.Rxa6 Rxd7 44.Re6 Kf7 45.Rxe4 Rd2 46.Ra4 Kf6 
47.Ra6+ Kf7 48.g3 Rb2 1-0

[Event "36th World U20 ch"]
[Site "Zagan POL"]
[Date "1997.07.17"]
[Round "4"]
[White "Delemarre, Jop"]
[Black "Rezan, Sasa"]
[Result "1/2-1/2"]
[WhiteElo "2395"]
[BlackElo "2250"]
[EventDate "1997.07.14"]
[PlyCount "57"]

1.d4 Nf6 2.c4 g6 3.Nc3 Bg7 4.e4 d6 5.h3 O-O 6.Bg5 c5 7.d5 a6 8.Qd2 b5 9.
cxb5 axb5 10.Bxb5 Qa5 11.Be2 Qb4 12.Bxf6 exf6 13.Nf3 f5 14.a3 fxe4 15.axb4
Rxa1+ 16.Bd1 exf3 17.O-O fxg2 18.Kxg2 cxb4 19.Ne4 Be5 20.f4 Bg7 21.Nxd6 
Ra2 22.Nc4 Ba6 23.Bb3 Bxc4 24.Bxa2 Bxa2 25.Ra1 Bc4 26.Rc1 Ba2 27.Ra1 Bc4 
28.Rc1 Ba2 29.Ra1 1/2-1/2

[Event "36th World U20 ch"]
[Site "Zagan POL"]
[Date "1997.07.17"]
[Round "4"]
[White "Jirovsky, Petr"]
[Black "Dantas, Carlos"]
[Result "1-0"]
[WhiteElo "2395"]
[BlackElo "2200"]
[EventDate "1997.07.14"]
[PlyCount "43"]

1.e4 d5 2.exd5 Qxd5 3.Nc3 Qa5 4.d4 Nf6 5.Nf3 Bg4 6.h3 Bh5 7.g4 Bg6 8.Ne5 
Nbd7 9.Nxg6 hxg6 10.Bd2 c6 11.Bc4 e6 12.Qe2 Qc7 13.O-O-O Nb6 14.Bb3 O-O-O 
15.Bg5 Be7 16.Kb1 Nbd5 17.Nxd5 Nxd5 18.Bc1 g5 19.Qf3 Bf6 20.h4 Nf4 21.c3 
Rh6 22.Bxf4 1-0

[Event "36th World U20 ch"]
[Site "Zagan POL"]
[Date "1997.07.17"]
[Round "4"]
[White "Petry, Croife"]
[Black "Henni, Mohamed"]
[Result "0-1"]
[WhiteElo "2195"]
[BlackElo "2375"]
[EventDate "1997.07.14"]
[PlyCount "48"]

1.d4 Nf6 2.Nf3 g6 3.Bg5 Bg7 4.Nbd2 O-O 5.e4 d6 6.Bc4 c6 7.c3 Qc7 8.O-O 
Nbd7 9.Re1 e5 10.Bh4 b5 11.Bb3 Bb7 12.Qe2 a6 13.a4 h6 14.axb5 axb5 15.Bg3 
Nh5 16.d5 Nc5 17.dxc6 Nxb3 18.Nxb3 Bxc6 19.Red1 Ra4 20.Nfd2 Rfa8 21.f3 
Nxg3 22.hxg3 Rxa1 23.Rxa1 Rxa1+ 24.Nxa1 Qa7+ 0-1

[Event "36th World U20 ch"]
[Site "Zagan POL"]
[Date "1997.07.17"]
[Round "4"]
[White "Myc, Marcin"]
[Black "Pihlajasalo, Hannu"]
[Result "1-0"]
[WhiteElo "2350"]
[BlackElo "2185"]
[EventDate "1997.07.14"]
[PlyCount "107"]

1.d4 Nf6 2.c4 g6 3.Nc3 Bg7 4.e4 d6 5.f3 O-O 6.Bg5 c5 7.d5 e6 8.Qd2 exd5 9.
cxd5 Bd7 10.Nge2 Na6 11.Ng3 Rb8 12.Be2 b5 13.O-O c4 14.Kh1 Nc5 15.Bh6 Re8 
16.Bxg7 Kxg7 17.Nd1 h5 18.Re1 Qe7 19.Nf2 Nh7 20.Bf1 Qf6 21.f4 h4 22.e5 
dxe5 23.fxe5 Rxe5 24.Nge4 Nxe4 25.Nxe4 Qf5 26.Qd4 Qf4 27.g3 hxg3 28.hxg3 
Qf3+ 29.Kg1 Re8 30.Re3 Qh5 31.Be2 Qh6 32.Rf1 Bf5 33.Rf4 Bxe4 34.Rfxe4 f6 
35.Rxe5 fxe5 36.Qxa7+ Kg8 37.Rxe5 Qc1+ 38.Kg2 Rf8 39.Qd4 Qe1 40.Re7 Rf7 
41.Rxf7 Kxf7 42.Bf3 Nf6 43.d6 Qe8 44.Kf2 Ke6 45.Ke3 Qd7 46.Bg4+ Nxg4+ 47.
Qxg4+ Kxd6 48.Qxd7+ Kxd7 49.Kd4 Kc6 50.b3 cxb3 51.axb3 Kd6 52.b4 g5 53.g4 
Ke6 54.Kc5 1-0

[Event "36th World U20 ch"]
[Site "Zagan POL"]
[Date "1997.07.17"]
[Round "4"]
[White "Podkriznik, Gregor"]
[Black "Karner, Christoph"]
[Result "1/2-1/2"]
[WhiteElo "2295"]
[BlackElo "2155"]
[EventDate "1997.07.14"]
[PlyCount "57"]

1.e4 c5 2.Nf3 e6 3.d3 d5 4.Qe2 Ne7 5.h4 Nbc6 6.g3 b6 7.h5 Bb7 8.Bg2 dxe4 
9.dxe4 Qc7 10.Na3 Nc8 11.h6 gxh6 12.Bf4 e5 13.Bxh6 Bxh6 14.Rxh6 Nd6 15.Bh3
Qe7 16.c3 Rd8 17.O-O-O O-O 18.Rh1 f5 19.Bxf5 Nxf5 20.exf5 e4 21.Rxh7 Qxh7 
22.Rxh7 exf3 23.Qxf3 Kxh7 24.Qh5+ Kg8 25.Qg5+ Kh8 26.Qh6+ Kg8 27.Qg6+ Kh8 
28.f6 Rd7 29.Qh6+ 1/2-1/2

[Event "36th World U20 ch"]
[Site "Zagan POL"]
[Date "1997.07.17"]
[Round "4"]
[White "Blanco Acevedo, Cristobal Jose"]
[Black "Sarakauskas, Gediminas"]
[Result "0-1"]
[WhiteElo "2090"]
[BlackElo "2295"]
[EventDate "1997.07.14"]
[PlyCount "102"]

1.e4 d6 2.d4 Nf6 3.Nc3 g6 4.Nf3 Bg7 5.Be2 O-O 6.O-O c6 7.h3 Nbd7 8.a4 e5 
9.dxe5 dxe5 10.Be3 Qe7 11.Qd3 Nh5 12.Rfd1 Nf4 13.Qd6 Qxd6 14.Rxd6 Nxe2+ 
15.Nxe2 Nb6 16.b3 f5 17.Nd2 fxe4 18.Nxe4 Nd5 19.Bc5 Bf5 20.f3 Rf7 21.Ng5 
Rf6 22.Rxf6 Nxf6 23.Rc1 h6 24.g4 hxg5 25.gxf5 gxf5 26.Ng3 f4 27.Nf5 e4 28.
Nxg7 Kxg7 29.fxe4 Nxe4 30.Bd4+ Kg6 31.Kg2 c5 32.Bg1 Rd8 33.Re1 Kf5 34.Kf3 
Nd2+ 35.Kg2 Ne4 36.Kf3 Rh8 37.Kg2 b6 38.Rd1 f3+ 39.Kxf3 Rxh3+ 40.Kg2 Rg3+ 
41.Kf1 Rc3 42.Rd7 Rxc2 43.Rxa7 Ng3+ 44.Ke1 Re2+ 45.Kd1 Rb2 46.a5 Rxb3 47.
axb6 Ne4 48.Ra5 Rxb6 49.Ke2 Rb2+ 50.Kd3 Rd2+ 51.Ke3 Rg2 0-1

[Event "36th World U20 ch"]
[Site "Zagan POL"]
[Date "1997.07.17"]
[Round "4"]
[White "Kucumenler, Tarkan"]
[Black "Bae, Torstein"]
[Result "1/2-1/2"]
[WhiteElo "2035"]
[BlackElo "2200"]
[EventDate "1997.07.14"]
[PlyCount "48"]

1.e4 Nf6 2.e5 Nd5 3.d4 d6 4.Nf3 Bg4 5.Be2 e6 6.O-O Be7 7.c4 Nb6 8.h3 Bh5 
9.exd6 cxd6 10.Be3 O-O 11.Nc3 d5 12.c5 Bxf3 13.Bxf3 N6d7 14.Qd2 Nc6 15.
Rab1 a5 16.a3 a4 17.Bd1 Bf6 18.Bxa4 e5 19.Bxc6 bxc6 20.Na2 Qc7 21.Rbc1 
Rfb8 22.Nb4 Rb5 23.Rc2 Raa5 24.Re1 h6 1/2-1/2

[Event "36th World U20 ch"]
[Site "Zagan POL"]
[Date "1997.07.18"]
[Round "5"]
[White "Dao Thien Hai"]
[Black "Gyimesi, Zoltan"]
[Result "1/2-1/2"]
[WhiteElo "2525"]
[BlackElo "2525"]
[EventDate "1997.07.14"]
[PlyCount "45"]

1.d4 Nf6 2.c4 e6 3.Nc3 Bb4 4.Bg5 h6 5.Bh4 c5 6.d5 Bxc3+ 7.bxc3 d6 8.e3 e5 
9.Nf3 Qe7 10.Nd2 g5 11.Bg3 Bf5 12.Qb3 Ne4 13.Nxe4 Bxe4 14.f3 Bg6 15.h4 O-O
16.hxg5 hxg5 17.e4 Nd7 18.Bd3 Kg7 19.Bf2 Rh8 20.O-O-O Nf6 21.Qb2 Rxh1 22.
Rxh1 Rh8 23.Rxh8 1/2-1/2

[Event "36th World U20 ch"]
[Site "Zagan POL"]
[Date "1997.07.18"]
[Round "5"]
[White "Banikas, Hristos"]
[Black "Rowson, Jonathan"]
[Result "1/2-1/2"]
[WhiteElo "2450"]
[BlackElo "2490"]
[EventDate "1997.07.14"]
[PlyCount "72"]

1.d4 Nf6 2.c4 g6 3.Nc3 Bg7 4.e4 d6 5.f4 O-O 6.Nf3 Na6 7.Bd3 e5 8.fxe5 dxe5
9.d5 c6 10.O-O cxd5 11.cxd5 Ne8 12.Be3 Nd6 13.Bxa6 bxa6 14.Qa4 f5 15.Bc5 
Rf7 16.exf5 gxf5 17.Qc6 Nb7 18.d6 Be6 19.Bf2 Rc8 20.Qa4 Nxd6 21.Rfd1 Rd7 
22.Qxa6 Bc4 23.Qa4 Nb5 24.Rxd7 Qxd7 25.Rd1 Qc6 26.Nd5 Qh6 27.Qxa7 Bxd5 28.
b3 Qc6 29.Qe3 f4 30.Qd3 Be4 31.Qe2 Qg6 32.Nh4 Qc6 33.Nf3 Qb7 34.h3 Bd5 35.
Qd3 Be4 36.Qe2 Bd5 1/2-1/2

[Event "36th World U20 ch"]
[Site "Zagan POL"]
[Date "1997.07.18"]
[Round "5"]
[White "Kasimdzhanov, Rustam"]
[Black "Zulfugarli, Mahomed"]
[Result "1/2-1/2"]
[WhiteElo "2545"]
[BlackElo "2385"]
[EventDate "1997.07.14"]
[PlyCount "88"]

1.Nf3 Nf6 2.g3 g6 3.b3 Bg7 4.Bb2 d6 5.d4 O-O 6.Bg2 c6 7.O-O Qa5 8.h3 Qh5 
9.g4 Qa5 10.Nbd2 Nbd7 11.e4 Re8 12.Re1 h5 13.Nc4 Qd8 14.e5 hxg4 15.Ng5 Nh7
16.Nxh7 Kxh7 17.hxg4 dxe5 18.dxe5 Nb6 19.Ne3 Qxd1 20.Raxd1 Bh6 21.Rd4 Be6 
22.f4 c5 23.Re4 Bd7 24.g5 Bg7 25.Nf1 Bc6 26.R4e2 Bxg2 27.Kxg2 Red8 28.c4 
e6 29.Ng3 Rac8 30.Ne4 Na8 31.Kf3 Kg8 32.Nd6 Rc7 33.Nb5 Rcd7 34.Nxa7 Nc7 
35.Nb5 Nxb5 36.cxb5 Bf8 37.Bc3 c4 38.bxc4 Rd3+ 39.Re3 Bc5 40.a4 Bxe3 41.
Rxe3 Rxe3+ 42.Kxe3 Kf8 43.a5 Ke8 44.Bd4 Kd7 1/2-1/2